[Event "BCF-chT4S 1819 (4NCL)"]
[Site "England"]
[Date "2019.01.12"]
[Round "3.125"]
[White "Donaldson, Wyatt ZD"]
[Black "Lazarevic, Ljubica"]
[Result "0-1"]
[WhiteElo "1435"]
[BlackElo "1359"]
[PlyCount "112"]
[EventDate "2018.11.17"]
[EventType "team-swiss"]
[EventRounds "11"]
[EventCountry "ENG"]
[SourceTitle "EXT 2021"]
[Source "ChessBase"]
[SourceDate "2020.10.23"]
[SourceVersion "1"]
[SourceVersionDate "2020.10.23"]
[SourceQuality "1"]
[WhiteTeam "Celtic Tigers II"]
[BlackTeam "Wood Green Youth"]
[WhiteTeamCountry "ENG"]
[BlackTeamCountry "ENG"]

1. e4 e5 2. Nf3 Nc6 3. d4 exd4 4. Nxd4 Nxd4 5. Qxd4 d6 6. Bc4 Nf6 7. Nc3 c6 8. Bf4 Nh5 9. Bd2 Be7 10. 0-0 0-0 11. Rad1 Be6 12. Bxe6 fxe6 13. e5 d5 14. g4 c5 15. Qa4 Bg5 16. gxh5 Bxd2 17. Qg4 Qg5 18. h3 Qxg4+ 19. hxg4 Bxc3 20. bxc3 Rf3 21. Rd3 Raf8 22. Kg2 R3f4 23. f3 Ra4 24. Ra1 Ra3 25. c4 Rxd3 26. cxd3 dxc4 27. dxc4 Rd8 28. Kg3 Rd2 29. f4 Kf8 30. Kf3 Rc2 31. Rd1 Ke7 32. f5 Rc3+ 33. Kf2 Rxc4 34. h6 Rxg4 35. hxg7 exf5 36. Kf3 Rxg7 37. Kf4 Rf7 38. Rd5 b6 39. Rd6 h5 40. Rh6 c4 41. Rxh5 Ke6 42. Rh6+ Kd5 43. Rd6+ Kc5 44. Rf6 Re7 45. Rxf5 c3 46. Ke4 c2 47. Rf8 Rc7 48. Rf1 Kc4 49. e6 Kc3 50. Rh1 Kb2 51. Rh2 Kb1 52. Rxc2 Rxc2 53. Kd5 b5 54. e7 Re2 55. Kd6 Kxa2 56. Kd7 b4 0-1